World trade atlas : United States edition, February 2001 [

Bibliographic Details
Format: Book
Published: Columbia, S.C: Global Trade Information Services, 2001.
Subjects:
LEADER 00511cam a2200133 7i4500
001 0000009572
005 20010524090000.0
090 0 0 |a CD-ROM 013 - 7(2)   |b WOR 
245 0 0 |a World trade atlas :   |b United States edition, February 2001 [  |m electronic resources]. 
260 0 0 |a Columbia, S.C:   |b Global Trade Information Services,   |c 2001. 
300 # # |a Electronic computer optical disc (CD-ROM). 
650 0 0 |a Statistics --   |z United States  
651 0 0 |a United States  
999 |a B000012421  |b CD-ROM  |c AV Collection  |e Business Information Centre